=LDR 00000nam 2200000 4500 =001 INLIS000000000005502 =005 20231214111429 =035 ##$$a 0010-061300000005502 =008 231214###########################0###### =041 ##$$a Ind =082 ##$$a 177.7 =090 ##$$a 155, 2 =100 ##$$a Pech, M. Scott =245 1#$$a Tiada mawar tanpa duri, Psikologi baru tentang cinta nilai tradisional, dan pertumbuhan spritual, M. Scote Pech =260 ##$$a 1990 :$b Jakarta =300 ##$$a 230 hlm., 23 cm =650 #4$$a Cinta - Etika =850 ##$$a NBPNMAT =084 ##$$a 177.7 PEC t =700 #$$a Kudadiri, Firmus =990 ##$$a DW00019503